00425nam a22001577a 450000500170000001000150001702000260003203500140005803700090007208200130008110000150009424500550010926000320016427000530019630000180024920260211113538.0 aENG-147787 a9789370981935c399.00 aEN-131319 bDBAD a006.321 aAjay Kumar aAI Nation:bBharat's Path to AI Power/cAjay Kumar aKeralabCurrent Booksc2026 aAn imprint of DC Books, KottayambKeralae686001 a232p. :c21cm